000 01374nmc a2200433 a 4500
003 AR-BaBNM
005 20251128211144.0
008 043020s2000 ||||||||||||||000 | spa||
020 _a987-9334-77-9
040 _cAR-BaBNM
100 1 _aReguillo Cruz, Rossana
245 1 0 _aEmergencia de culturas juveniles
_bestrategias del desencanto
260 _aBuenos Aires
_bGrupo Editorial Norma
_c2000
300 0 _a182 p.
_btablas
490 0 _aEnciclopedia Latinoamericana de Sociocultura y Comunicación
_vv. 3
500 0 _aContiene anexo con indicadores estadísticos en p. 163
500 0 _aContiene anexo con glosario en p. 167
504 _aContiene referencias bibliográficas en p.173
650 4 _aJOVENES
650 4 _aSOCIOLOGIA CULTURAL
650 4 _aMEDIOS DE COMUNICACION DE MASAS
650 4 _aRELACIONES INTERPERSONALES
650 4 _aCULTURAS LATINOAMERICANAS
650 4 _aCULTURAS POPULARES
650 4 _aIDENTIDAD CULTURAL
650 4 _aIDENTIFICACION COMUNITARIA
650 4 _aANALISIS LINGUISTICO
650 4 _aESTETICA
650 4 _aANALISIS SEMANTICO
650 4 _aPSICOLOGIA DEL COMPORTAMIENTO
650 4 _aPOLITICA DE LA COMUNICACION
650 4 _aPSICOLOGIA DEL ADOLESCENTE
650 4 _aPOBREZA
650 4 _aCONSUMO
650 4 _aADOLESCENTES
800 1 _aFord, Aníbal
942 _cBK
998 _cEugenia
999 _c18492
_d18492